Islam - Statistiques

Statistiques générales
  • Ce quiz a été pris 107 fois
    33 depuis la dernière actualisation
  • Le résultat moyen est 18 sur 36
Statistiques - réponses
Indices Réponses % Correct
Né vers 570 à La Mecque. Il reçoit ses premières révélations vers 610. Mohammed/Mahomet
95%
Le premier prophète de l'Islam. Adam
86%
C’est le livre sacré. Coran
86%
La ville où est enterré le prophète. Médine
82%
Nombre de pilliers de l'islam. 5
77%
Cousin, disciple et gendre de ce premier du fait qu'il ait épousé sa fille susnommée. Il est le quatrième calife de l'islam et considéré par les chiites comme étant le premier calife légitime. Ali
77%
C’est le mois le plus saint et le neuvième mois de l’année du calendrier musulman. Ramadan
77%
Désigne la tradition et les pratiques du prophète cité au tout début, et constitue un modèle à suivre pour la plupart des musulmans. Sunna
77%
Les trois villes saintes de l’Islam sont La Mecque, la précédente et... Jérusalem
68%
5 prières quotidiennes. Salat
64%
Le nombre de prophètes mentionnés dans le Coran. 25
59%
La profession de foi. Chahada
59%
Fille préférée de ce dernier. Fatima
59%
Édifice en forme de cube recouvert d'une étoffe de soie noire. C'est le lieu le plus sacré de l'Islam. Les pélerins effectuent autour de cet édifice les sept tours du rite du tawaf (circumambulation). Kaaba
55%
Le calendrier musulman est un calendrier... Lunaire
55%
Ce qui est permis. Halal
50%
Ce qui est interdit. Haram
50%
Ce prophète part de La Mecque où il était menacé d’assassinat. C’est le début du calendrier musulman. Hégire
50%
Prophète qui a construit cet édifice avec son fils. Ibrahim
50%
Couleur de l'islam. Vert
50%
Loi islamique. Charia
45%
Personne qui appelle à la prière. Muezzin
45%
Direction vers laquelle les musulmans prient. Qibla
45%
L'aumône. Zakat
45%
Compagnon du prophète susnommé et surnommé "As-Siddiq" ("le véridique"), il est, par opposition à celui ci-dessus, plébiscité par les sunnites. Abou Bakr
41%
C’est la personne qui dirige la prière. Imam
41%
Il est divisé en... Sourates
41%
Guerre sainte. Jihad
32%
Dans la tradition musulmane, c’est l’ange chargé de la garde des portes de l'enfer. Mâlik
27%
Dans l'angle sud-est du bâtiment est enchâssée la... Pierre noire
27%
Croyance en un dieu unique, faisant de l'Islam une religion monothéiste. Tawhid
27%
Nom du pèlerinage vers La Mecque. Hadj
23%
Nom de cette étoffe. Kiswa
14%
Nom du jeûne. Saoum
14%
Désigne ce qui est obligatoire, ce que l'on doit faire parce que prescrit par la loi. Fard/wajib
9%
Bataille lors de laquelle le prophète a été blessé. Bataille d'Uhud
0%
Aucun quiz correspondant
Distribution des résultats
% des personnes avec chaque résultat
Percentile par nombre de réponses
Votre historique - résultats
Vous n’avez pas pris ce quiz depuis la dernière actualisation